UITU Library & LRC     

Oracle 9i Mobile: build wirless,offline,push,and voice applications (Record no. 7518)

MARC details
000 -LEADER
fixed length control field 00543nam a2200181Ia 4500
008 - FIXED-LENGTH DATA ELEMENTS--GENERAL INFORMATION
fixed length control field 240925s9999 xx 000 0 und d
020 ## - INTERNATIONAL STANDARD BOOK NUMBER
International Standard Book Number 70495688
082 ## - DEWEY DECIMAL CLASSIFICATION NUMBER
Classification number 005.7585 YEU
100 ## - MAIN ENTRY--PERSONAL NAME
Personal name Yeung, Alan
245 #0 - TITLE STATEMENT
Title Oracle 9i Mobile: build wirless,offline,push,and voice applications
250 ## - EDITION STATEMENT
Edition statement NA
260 ## - PUBLICATION, DISTRIBUTION, ETC.
Place of publication, distribution, etc. New Delhi:
Name of publisher, distributor, etc. Tata McGraw Hill
Date of publication, distribution, etc. ,2002.
300 ## - PHYSICAL DESCRIPTION
Extent xiii,559p.
Other physical details NA
Type of unit International Edition
500 ## - GENERAL NOTE
General note Includes Index
600 ## - SUBJECT ADDED ENTRY--PERSONAL NAME
Personal name Computer Science
650 ## - SUBJECT ADDED ENTRY--TOPICAL TERM
Topical term or geographic name entry element Computer science, information & general works
942 ## - ADDED ENTRY ELEMENTS (KOHA)
Koha item type Books
Holdings
Withdrawn status Lost status Damaged status Not for loan Collection Home library Current library Date acquired Source of acquisition Cost, normal purchase price Total checkouts Full call number Barcode Date last seen Price effective from Koha item type
        Computer Science UITU Library UITU Library 04/14/2003 Paramount Book Pvt Ltd 620.50   005.7585 YEU Q5019 09/25/2024 09/25/2024 Books

Powered by Koha